El futuro de la filosofía /

Salvato in:
Dettagli Bibliografici
Autore principale: Galán, Francisco (coord. e introd.)
Altri autori: Xolocotzi Yáñez, Angel (coordinación) (coordinación), Garza, María Teresa de la (coordinación) (coordinación)
Natura: Libro
Lingua:spagnolo
Pubblicazione: México : Universidad Iberoamericana, Plantel Santa Fe, Biblioteca Francisco Xavier Clavigero, 2004, c2004
Soggetti:
Tags: Aggiungi Tag
Nessun Tag, puoi essere il primo ad aggiungerne!!

MARC

LEADER 00000nam^a2200000^a^4500
001 000182013
005 20250521000000.0
009 20260310101953.631
020 |a 968-859-551-9 
037 |a Acervo ITESO - Biblioteca 
041 |a ESP 
082 |a 140. 9  |b GAL 
100 |a Galán, Francisco  |e (coord. e introd.) 
245 1 3 |a El futuro de la filosofía /  |c Coord. de F. Galán, A. Xolocotzi Yáñez, M.T. de la Garza ; introd. de F. Galán. 
264 4 |a México :  |b Universidad Iberoamericana, Plantel Santa Fe, Biblioteca Francisco Xavier Clavigero,  |c 2004, c2004 
300 |a 278 p. 
336 |a texto  |b txt  |2 rdacontenido 
337 |a sin mediación  |b n  |2 rdamedio 
338 |a volumen  |b nc  |2 rdasoporte 
649 |a XX 
650 |a Biotecnología 
650 |a Bioética 
650 |a Conocimiento 
650 |a Epistemología 
650 |a Etica 
650 |a Metafísica 
650 |a Fenomenología 
650 |a Hermenéutica 
650 |a Filosofía Analítica 
650 |a Filosofía del Siglo XX 
700 |a Xolocotzi Yáñez, Angel  |e (coordinación) 
700 |a Garza, María Teresa de la  |e (coordinación) 
910 |a Fondo General 
920 |a Impresos - Libros 
930 |a Colección General 
905 |a 101 
901 |a 0500121891  |b IT1  |c ACC  |u 20250521 
902 |a https://opac.biblio.iteso.mx/vufind/Record/000182013